000 00700nam a22002177a 4500
003 0
005 20250124154322.0
008 250124b xxu||||| |||| 00| 0 eng d
020 _a978-1-98469-016-6
050 _aQA 76.76
_b.P33 2024
100 _aPadilha, Rodrigo
245 _aIllustrated handbook of classic operating systems
_c Rodrigo Padilha
260 _aNew York
_b3G E-Learning, LLC
_c2024
300 _a302 pages :
_bcolored illustrations ;
_c24cm.
504 _aIncludes bibliographical references and index.
650 _aOperating systems (Computers).
650 _aComputer history.
650 _aClassic operating systems.
650 _aSystem software.
942 _2lcc
_cBK
999 _c367057
_d367057